[Event "II Open"]
[Site "La Laguna ESP"]
[Date "2008.04.22"]
[Round "2"]
[White "Rodriguez Vera,G"]
[Black "Timoshenko,G"]
[Result "0-1"]
[WhiteElo "2176"]
[BlackElo "2568"]

1.e4 c5 2.Nf3 Nc6 3.Bb5 d6 4.Bxc6+ bxc6 5.d3 e5 6.Nbd2 Be7 7.Nc4 f5 8.exf5 Bxf5
9.O-O Nf6 10.Ne3 Bd7 11.Nd2 O-O 12.f4 exf4 13.Rxf4 g6 14.Ne4 d5 15.Nxf6+ Bxf6
16.Ng4 Bxg4 17.Qxg4 Qe7 18.Bd2 Bd4+ 19.Rxd4 cxd4 20.Bh6 Rae8  0-1

[Event "IX EICC w"]
[Site "Plovdiv BUL"]
[Date "2008.04.22"]
[Round "2"]
[White "Muzychuk,M"]
[Black "Umudova,N"]
[Result "1-0"]
[WhiteElo "2387"]
[BlackElo "2222"]

1.e4 c5 2.Nf3 Nc6 3.Bb5 g6 4.O-O Bg7 5.Re1 Nf6 6.e5 Nd5 7.Nc3 Nc7 8.Bxc6 bxc6
9.d3 O-O 10.Ne4 Ne6 11.Be3 d6 12.Qc1 f6 13.exd6 exd6 14.c4 f5 15.Neg5 Nc7
16.Nh3 Ne6 17.Bh6 Rb8 18.Rb1 Qf6 19.Bxg7 Kxg7 20.Nf4 h6 21.h4 Nxf4 22.Qxf4 Bd7
23.b3 Rfe8 24.g3 a5 25.Qd2 Ra8 26.Red1 f4 27.Qxf4 Qxf4 28.gxf4 Rf8 29.Re1 Rxf4
30.Re7+ Rf7 31.Rbe1 Rf8 32.d4 Kg8 33.dxc5 dxc5 34.Rxf7 Rxf7 35.Ne5 Re7 36.f4 Bf5
37.Kf2 Re6 38.Rd1 Kf8 39.Nd7+ Ke8 40.Nxc5 Rf6 41.Nb7 a4 42.bxa4 Bc2 43.Rc1 Bxa4
44.Nc5 Rxf4+ 45.Kg3 Rd4 46.Nxa4 Rd3+ 47.Kf4 Rd4+ 48.Ke5 Rxh4 49.Kd6 Rh2 50.Nc3 g5
51.a4 Rd2+ 52.Kxc6 g4 53.a5 g3 54.a6  1-0

[Event "IX EICC"]
[Site "Plovdiv BUL"]
[Date "2008.04.22"]
[Round "2"]
[White "Aveskulov,V"]
[Black "Fedorov,Alex"]
[Result "1/2-1/2"]
[WhiteElo "2535"]
[BlackElo "2603"]

1.e4 c5 2.Nf3 Nc6 3.Bb5 e6 4.Bxc6 bxc6 5.d3 Ne7 6.Qe2 d5 7.c4 Ng6 8.O-O Bd6
9.Nc3 d4 10.e5 Nxe5 11.Nxe5 dxc3 12.bxc3 O-O  1/2-1/2

[Event "IX EICC"]
[Site "Plovdiv BUL"]
[Date "2008.04.23"]
[Round "3"]
[White "Willemze,T"]
[Black "Djukic,Ni"]
[Result "0-1"]
[WhiteElo "2399"]
[BlackElo "2543"]

1.e4 c5 2.Nf3 Nc6 3.Bb5 g6 4.O-O Bg7 5.Re1 e5 6.b4 cxb4 7.a3 b3 8.cxb3 Nge7
9.Bb2 O-O 10.Bxc6 Nxc6 11.Nc3 d6 12.Nd5 f5 13.d3 Be6 14.Ne3 f4 15.Nf1 d5
16.b4 d4 17.h3 g5 18.N3h2 Qe8 19.Rc1 h5 20.Nd2 Qg6 21.f3 a6 22.Nc4 Rad8 23.a4 b5
24.axb5 axb5 25.Na5 Nb8 26.Nb7 Rc8 27.Nc5 Bf7 28.Ra1 Nc6 29.Qd2 Ra8 30.Rec1 Qd6
31.Nf1 Rfc8 32.Nb7 Qd7 33.Nc5 Qe7 34.Ba3 Bh6 35.g4 Ra7 36.gxh5 Rca8 37.Qb2 Bxh5
38.Nh2 Bf7 39.Ng4 Bg7 40.Nb3 Qe6 41.Na5 Nxa5 42.bxa5 Rxa5 43.Bb4 Ra4 44.Rxa4 bxa4
45.Rb1 Rb8 46.Qc2 Qa6 47.Qc7 Qb6 48.Qe7 Qd8 49.Ra1 Qxe7 50.Bxe7 Ra8 51.Nf6+ Bxf6
52.Bxf6 a3 53.Bxe5 Ra4 54.Bxd4 Rxd4 55.Rxa3 Be6 56.Ra5 Rxd3 57.Rxg5+ Kf7
58.Kf2 Rd2+ 59.Kg1 Rd8 60.Rh5 Kg6 61.Rh4 Kg5 62.Rh7 Bb3 63.h4+ Kg6 64.Rb7 Rd3
65.Rb5 Rxf3 66.h5+ Kh6 67.Rf5 Bc2 68.Re5 Re3 69.Rf5 Rxe4 70.Rc5 Bd1  0-1

[Event "IX EICC"]
[Site "Plovdiv BUL"]
[Date "2008.04.23"]
[Round "3"]
[White "Skoberne,J"]
[Black "Moiseenko,A1"]
[Result "1-0"]
[WhiteElo "2492"]
[BlackElo "2650"]

1.e4 c5 2.Nf3 Nc6 3.Bb5 e6 4.O-O Nge7 5.Re1 Nd4 6.Nxd4 cxd4 7.d3 g6 8.Nd2 Bg7
9.Nf3 O-O 10.Bd2 a6 11.Ba4 b5 12.Bb3 Nc6 13.Qc1 Bb7 14.Bh6 d6 15.h4 Na5 16.Bxg7 Kxg7
17.Nxd4 Qxh4 18.Qd2 Nxb3 19.axb3 Qf6 20.Qe3 e5 21.Nf3 Qe7 22.c4 bxc4 23.bxc4 f5
24.exf5 Rxf5 25.Nd2 Raf8 26.Ne4 Rh5 27.f3 Qh4 28.Kf1 Bxe4 29.dxe4 Rg5 30.Ra3 Rg3
31.Qf2 g5 32.Ree3 g4 33.Kg1 Rf6 34.f4 exf4 35.Rxg3 fxg3 36.Qxg3 Qh5 37.b4 Rh6
38.Ra5 Qh1+ 39.Kf2 Rf6+ 40.Rf5 Rxf5+ 41.exf5 Qd1 42.Qc3+ Kf7 43.Kg3 d5 44.Qe3 Kf6
45.Qh6+ Kxf5 46.Qxh7+ Kf6 47.Qh6+ Ke7 48.Qg7+ Kd6 49.Qf8+ Kd7 50.Qf5+ Kd6
51.Qf4+ Kc6 52.Qf6+ Kd7 53.Qf7+ Kd6 54.c5+ Kc6 55.Qe8+ Kc7 56.Qe7+ Kc6 57.Qe8+ Kc7
58.Qe7+ Kc6 59.Qd6+ Kb5 60.c6 Qd3+ 61.Kxg4 Qe4+ 62.Kh3 Qh7+ 63.Kg3 Qd3+ 64.Kh4 Qh7+
65.Kg5 Qg7+ 66.Kf5 Qf7+ 67.Ke5 Qg7+ 68.Ke6 Qg4+ 69.Ke7 Qg7+ 70.Kd8 Qg8+ 71.Kc7 Qxg2
72.Qc5+ Ka4 73.Kb6 Qg6 74.Kxa6 d4 75.b5 d3 76.Qc4+ Ka3 77.b6 d2 78.Qc3+ Ka4
79.Qxd2 Qxc6 80.Qa5+ Kb3 81.Qb5+  1-0

[Event "IX EICC"]
[Site "Plovdiv BUL"]
[Date "2008.04.24"]
[Round "4"]
[White "Sidorenko,I"]
[Black "Klokas,K"]
[Result "1-0"]
[WhiteElo "2334"]
[BlackElo "2160"]

1.e4 c5 2.Nf3 Nc6 3.Bb5 g6 4.Bxc6 dxc6 5.d3 Bg7 6.h3 Nf6 7.Nc3 Nd7 8.O-O e5
9.Bg5 f6 10.Be3 Qe7 11.a3 O-O 12.Qd2 b6 13.Nh2 Ba6 14.f4 c4 15.d4 exd4 16.Bxd4 Nc5
17.Rae1 Rad8 18.f5 Nb7 19.Qf2 Nd6 20.Ng4 gxf5 21.exf5 Qd7 22.Rd1 Bc8 23.Be3 Qxf5
24.Qg3 Qe6 25.Rde1 f5 26.Bxb6 Qg6 27.Bxd8 Rxd8 28.Qh4 Nf7 29.Ne5 Bxe5 30.Rxe5 Rd2
31.Re2 Rxe2 32.Nxe2 Ng5 33.Kh1 Bd7 34.Rd1  1-0

[Event "ch-UZB"]
[Site "Tashkent UZB"]
[Date "2008.04.24"]
[Round "1"]
[White "Egin,V"]
[Black "Faizulaev,A"]
[Result "1-0"]
[WhiteElo "2444"]
[BlackElo "2267"]

1.e4 c5 2.Nf3 Nc6 3.Bb5 e6 4.Bxc6 bxc6 5.d3 Ne7 6.Qe2 Ng6 7.h4 h5 8.e5 d6
9.exd6 Bxd6 10.Na3 Ne7 11.Nc4 Ba6 12.Qe4 Bc7 13.Bf4 O-O 14.O-O-O Rb8 15.Bxc7 Qxc7
16.Ng5 Nf5 17.c3 Bxc4 18.dxc4 Qa5 19.a3 Rb3 20.Rh3 Rfb8 21.Rd2 g6 22.Nxf7 Rxb2
23.Rxb2 Qxa3 24.Qb1 Kxf7 25.Qa2 Qxa2 26.Rxa2 Rb7 27.Ra6 Nd6 28.Rxc6 Nxc4
29.Rxc5 Na3 30.Kd2 Rb2+ 31.Kd3 Rxf2 32.Ra5  1-0

[Event "ch-UZB"]
[Site "Tashkent UZB"]
[Date "2008.04.24"]
[Round "1"]
[White "Dzhumaev,M"]
[Black "Kvon,A"]
[Result "1-0"]
[WhiteElo "2557"]
[BlackElo "2426"]

1.e4 c5 2.Nf3 Nc6 3.Bb5 d6 4.O-O Bd7 5.Re1 a6 6.Bxc6 Bxc6 7.d4 cxd4 8.Nxd4 e5
9.Nxc6 bxc6 10.c4 Be7 11.Qa4 Qc8 12.c5 dxc5 13.Na3 Nf6 14.Nc4 Nd7 15.Bd2 f6
16.Rad1 Rb8 17.Ba5 Rb5 18.Re3 Nf8 19.Rd8+ Bxd8 20.Nd6+ Kd7 21.Nxc8 Rxa5 22.Rd3+ Kxc8
23.Qxc6+ Bc7 24.Qa8+ Bb8 25.Rb3  1-0

[Event "IX EICC"]
[Site "Plovdiv BUL"]
[Date "2008.04.26"]
[Round "6"]
[White "Sidorenko,I"]
[Black "Kuzubov,Y"]
[Result "0-1"]
[WhiteElo "2334"]
[BlackElo "2603"]

1.e4 c5 2.Nf3 Nc6 3.Bb5 e6 4.O-O Nge7 5.Re1 a6 6.Bxc6 Nxc6 7.d4 cxd4 8.Nxd4 Be7
9.Nc3 d6 10.Nxc6 bxc6 11.e5 d5 12.Qg4 Kf8 13.b3 c5 14.Ba3 Bd7 15.Rad1 Qc7
16.Qg3 Rc8 17.Bc1 h6 18.Ne2 c4 19.Nf4 cxb3 20.cxb3 Qc2 21.Be3 Qf5 22.Bd4 Bb4
23.Re3 Qc2 24.Rf1 Bb5 25.Rf3 Bxf1 26.Nxe6+ Ke7 27.Nxg7 Bd3 28.Qh4+ Kf8 29.h3 Bg6
30.Qf6 Rh7 31.e6 Be7 32.Qe5 Qc1+ 33.Kh2 Qc7  0-1

[Event "TCh-HUN 2007-8"]
[Site "Budapest HUN"]
[Date "2008.04.27"]
[Round "10"]
[White "Fogarasi,T"]
[Black "Kiss,At"]
[Result "1/2-1/2"]
[WhiteElo "2428"]
[BlackElo "2383"]

1.e4 c5 2.Nf3 Nc6 3.Bb5 g6 4.O-O Bg7 5.c3 Nf6 6.e5 Nd5 7.d4 cxd4 8.cxd4 O-O
9.Nc3 Nc7 10.Bg5 h6 11.Bf4 Nxb5 12.Nxb5 a6 13.Nc3 d6 14.exd6 exd6 15.d5 Ne5
16.Nxe5 dxe5 17.Be3 b5 18.Qb3 f5 19.f3 Qd6 20.Rad1 Bd7 21.a3 Rfc8  1/2-1/2

[Event "IX EICC"]
[Site "Plovdiv BUL"]
[Date "2008.04.27"]
[Round "7"]
[White "Minasian,Art"]
[Black "Chirila,I"]
[Result "0-1"]
[WhiteElo "2574"]
[BlackElo "2422"]

1.e4 c5 2.Nf3 Nc6 3.Bb5 e6 4.b3 Nge7 5.Bb2 a6 6.Bxc6 Nxc6 7.O-O d6 8.d4 cxd4
9.Nxd4 e5 10.Ne2 Be7 11.Nbc3 O-O 12.Nd5 b5 13.Ba3 Bg5 14.Qd3 Kh8 15.Rad1 Be6
16.f4 Bh6 17.f5 Bxd5 18.exd5 Ne7 19.c4 b4 20.Bb2 f6 21.Rf3 g6 22.fxg6 hxg6
23.Rdf1 Bg7 24.Ng3 Qb6+ 25.Kh1 f5 26.Qd2 Kg8 27.Ne2 Rae8 28.Qc2 Qc7 29.Qb1 Qd7
30.Nc1 g5 31.g4 f4 32.h3 Kf7 33.Qe4 Ng8 34.R3f2 Nf6 35.Qe1 Nxg4 36.Rg2 Nh6
37.Rxg5 Nf5 38.Qe4 Kg8 39.Ne2 Ng3+ 40.Nxg3 Qxh3+ 41.Kg1 fxg3 42.Rxf8+ Rxf8
43.Qg2 Qxg2+ 44.Kxg2 Rf2+ 45.Kxg3 Rxb2 46.Rg6 Rxa2 47.Rxd6 Ra3 48.Kg4 Rxb3
49.Rxa6 Rc3 50.Rc6 b3 51.Kf5 Rf3+ 52.Ke4 b2 53.Rb6 Rf4+ 54.Ke3 Rxc4 55.Rxb2 Rd4
56.Rb5 Kf7  0-1

[Event "IX EICC"]
[Site "Plovdiv BUL"]
[Date "2008.04.27"]
[Round "7"]
[White "Ris,R"]
[Black "Stanojoski,Z"]
[Result "0-1"]
[WhiteElo "2395"]
[BlackElo "2506"]

1.e4 c5 2.Nf3 Nc6 3.Bb5 g6 4.O-O Bg7 5.Re1 e5 6.Bxc6 dxc6 7.d3 Qe7 8.Nbd2 Be6
9.Nc4 f6 10.a3 O-O-O 11.Qe2 Bh6 12.Bxh6 Nxh6 13.Nfd2 Nf7 14.b4 Bxc4 15.Nxc4 Ng5
16.c3 Ne6 17.Qe3 Rd7 18.Rad1 Rhd8 19.g3 b6 20.Rd2 Kb7 21.Kf1 cxb4 22.axb4 Nc7
23.Na3 Qe6 24.Rb1 h5 25.d4 f5 26.f3 exd4 27.cxd4 fxe4 28.fxe4 Rxd4 29.Rxd4 Qf6+
30.Ke2 Rxd4 31.e5 Qd8 32.b5 c5 33.Nc2 Rd5 34.Ne1 Qd7 35.Nf3 Qg4 36.Kf2 Qf5
37.Re1 Ne6 38.Kg2 Rd3 39.Qf2 g5 40.Qe2 h4 41.Rf1 h3+ 42.Kg1 Rd5 43.Rd1 Rxd1+
44.Qxd1 Nc7  0-1

[Event "IX EICC"]
[Site "Plovdiv BUL"]
[Date "2008.04.27"]
[Round "7"]
[White "Jovanovic,Zo CRO"]
[Black "Solak,D"]
[Result "1/2-1/2"]
[WhiteElo "2546"]
[BlackElo "2630"]

1.e4 c5 2.Nf3 Nc6 3.Bb5 d6 4.Bxc6+ bxc6 5.O-O e5 6.c3 Bg4 7.h3 Bxf3 8.Qxf3 Nf6
9.Rd1 d5 10.d3 Be7 11.Nd2 O-O 12.Nf1 Ne8 13.Ne3 Nc7 14.Nf5 Bf6 15.Be3 Ne6
16.d4 cxd4 17.cxd4 exd4 18.exd5 dxe3 19.dxe6 exf2+ 20.Kh1 Qe8 21.e7 Bxe7
22.Qxf2 Bf6 23.Rac1 Rd8 24.Rf1 Qd7 25.Rc4 Rfe8 26.Rg4 Re6 27.Rf4 Kh8 28.Nh6 Qe7
29.Nf5 Qd7 30.Nh6 Qe7 31.Nf5 Qd7  1/2-1/2

[Event "IX EICC"]
[Site "Plovdiv BUL"]
[Date "2008.04.27"]
[Round "7"]
[White "Baklan,V"]
[Black "Spasov,V"]
[Result "1-0"]
[WhiteElo "2647"]
[BlackElo "2579"]

1.e4 c5 2.Nf3 Nc6 3.Bb5 Nf6 4.Bxc6 dxc6 5.d3 Bg4 6.h3 Bh5 7.Nbd2 Nd7 8.Nc4 f6
9.O-O e5 10.c3 Be7 11.Ne3 Qc7 12.Nf5 Bf8 13.Qe2 Bf7 14.d4 exd4 15.cxd4 O-O-O
16.Rd1 cxd4 17.N5xd4 Ne5 18.Be3 Bd6 19.Rdc1 a6 20.Nxe5 Bxe5 21.Nxc6 bxc6
22.Qxa6+ Kd7 23.Bb6 Ra8 24.Rd1+ Ke6 25.Qc4+ Ke7 26.Qb4+ c5 27.Bxc5+  1-0

[Event "IX EICC"]
[Site "Plovdiv BUL"]
[Date "2008.04.27"]
[Round "7"]
[White "Willemze,T"]
[Black "Kourousis,E"]
[Result "0-1"]
[WhiteElo "2399"]
[BlackElo "2191"]

1.e4 c5 2.Nf3 Nc6 3.Bb5 e6 4.Bxc6 bxc6 5.b3 Nf6 6.e5 Nd5 7.O-O Be7 8.c4 Nf4
9.d4 Ng6 10.Ba3 cxd4 11.Bxe7 Qxe7 12.Qxd4 c5 13.Qe3 O-O 14.Nc3 Bb7 15.Rfe1 f6
16.exf6 Rxf6 17.Ng5 Raf8 18.Nge4 Rf5 19.Rad1 Nf4 20.Rd2 d5 21.cxd5 exd5 22.Nxc5 Qg5
23.Qg3 Nh3+ 24.gxh3 Qxd2 25.Rd1 Qh6 26.h4 Rf3 27.Qg4 Rxc3 28.Nxb7 Rc1 29.Rxc1 Qxc1+
30.Kg2 Qc6 31.Qb4 d4+ 32.Kg1 Rb8  0-1

[Event "IX EICC"]
[Site "Plovdiv BUL"]
[Date "2008.04.27"]
[Round "7"]
[White "Janev,E"]
[Black "Lilov,Valeri"]
[Result "1-0"]
[WhiteElo "2472"]
[BlackElo "2385"]

1.e4 c5 2.Nf3 Nc6 3.Bb5 g6 4.O-O Bg7 5.Bxc6 bxc6 6.e5 Nh6 7.Nc3 O-O 8.d3 f6
9.exf6 Rxf6 10.Ne4 Rf5 11.c3 Qc7 12.Re1 Rb8 13.Ng3 Rf7 14.Ng5 Rf8 15.Rxe7 Qd6
16.Re1 Ba6 17.N5e4 Qd5 18.c4 Qf7 19.Be3 Rxb2 20.Bxc5 Ra8 21.Qa4 Bb7 22.Rab1 d5
23.Nd6 Qd7 24.Rxb2 Bxb2 25.Qb3  1-0

[Event "IX EICC"]
[Site "Plovdiv BUL"]
[Date "2008.04.29"]
[Round "8"]
[White "Papin,V"]
[Black "Stamenkov,V"]
[Result "1-0"]
[WhiteElo "2483"]
[BlackElo "2350"]

1.e4 c5 2.Nf3 Nc6 3.Bb5 g6 4.Bxc6 dxc6 5.d3 Bg7 6.h3 Nf6 7.Nc3 Nd7 8.Be3 e5
9.Qd2 h6 10.O-O Qe7 11.Nh2 Nf8 12.f4 exf4 13.Bxf4 Ne6 14.Bg3 Nd4 15.Rae1 O-O
16.e5 Nf5 17.Bf2 b6 18.Nf3 Rd8 19.Ne4 Be6 20.b3 g5 21.g4 Nd4 22.Nxd4 cxd4
23.Bg3 c5 24.Nf6+ Bxf6 25.exf6 Qb7 26.h4 Bxg4 27.hxg5 Rd5 28.Be5 Qd7 29.g6 Bh3
30.Re4 Bxf1 31.Qxh6 fxg6 32.f7+ Kxf7 33.Qg7+  1-0

[Event "IX EICC"]
[Site "Plovdiv BUL"]
[Date "2008.04.30"]
[Round "9"]
[White "Arnaudov,P"]
[Black "Badev,K"]
[Result "0-1"]
[WhiteElo "2162"]
[BlackElo "2311"]

1.e4 c5 2.Nf3 Nc6 3.Bb5 g6 4.O-O Bg7 5.Re1 e5 6.c3 Nge7 7.b4 cxb4 8.cxb4 O-O
9.Bb2 Qb6 10.Qa4 d6 11.d3 a6 12.Bxc6 Nxc6 13.a3 Bg4 14.Nbd2 Qd8 15.h3 Bd7
16.Qd1 f5 17.Nc4 Be6 18.Ne3 Rc8 19.Rc1 h6 20.Nd5 Kh7 21.Ne3 Rc7 22.a4 Nxb4
23.Rxc7 Qxc7 24.Qd2 Nc6 25.Rc1 Qf7 26.Kh2 fxe4 27.dxe4 Qf4+ 28.Kg1 Bxh3 29.Nd5 Qxe4
30.Qe3 Qxd5  0-1

[Event "IX EICC"]
[Site "Plovdiv BUL"]
[Date "2008.04.30"]
[Round "9"]
[White "Janev,E"]
[Black "Savchenko,B"]
[Result "1-0"]
[WhiteElo "2472"]
[BlackElo "2569"]

1.e4 c5 2.Nf3 Nc6 3.Bb5 Nf6 4.Bxc6 dxc6 5.d3 g6 6.O-O Bg7 7.Nc3 Nd7 8.Be3 e5
9.Nd2 Qe7 10.f4 exf4 11.Bxf4 Ne5 12.Qe1 h5 13.Nf3 Nxf3+ 14.Rxf3 c4 15.e5 cxd3
16.Ne4 O-O 17.cxd3 Bf5 18.Nd6 Bg4 19.Re3 a5 20.d4 Qc7 21.Qd2 a4 22.Rc1 Qb6
23.Rc4 Ra7 24.Ra3 f6 25.Rb4 Qc7 26.h3 Be6 27.exf6 Rxf6 28.Be5 Qe7 29.Rg3 b5
30.Ne4 Rf7 31.Rxg6 Bd5 32.Rxg7+ Rxg7 33.Nf6+ Kf8 34.Nxd5 cxd5 35.Rxb5 Rg5
36.Qf4+ Ke8 37.Kh2 Rg6 38.Qf5 Re6 39.Qxh5+ Kd7 40.Rxd5+ Kc8  1-0

[Event "IX EICC"]
[Site "Plovdiv BUL"]
[Date "2008.04.30"]
[Round "9"]
[White "Asrian,K"]
[Black "Spasov,V"]
[Result "1/2-1/2"]
[WhiteElo "2630"]
[BlackElo "2579"]

1.e4 c5 2.Nf3 Nc6 3.Bb5 Nf6 4.Nc3 g6 5.Bxc6 dxc6 6.h3 Bg7 7.d3 c4 8.d4 b5
9.a3 O-O 10.O-O c5 11.dxc5 Bb7 12.Qe2 Qc8 13.e5 Nd7 14.Rd1 Nxc5 15.Nxb5 Bxf3
16.Qxf3 Bxe5 17.Qe2 Qe6 18.Re1 Bf6 19.Qf1 Qf5 20.Qxc4 Rfc8 21.Nd4 Qd7 22.Nf3 Na4
23.Qe4 Qc6 24.c3 Rab8 25.Ne5 Qxe4 26.Rxe4 Nc5 27.Re2 Nb3 28.Rb1 Nxc1 29.Rxc1 Bxe5
30.Rxe5 Rxb2 31.Rxe7 Rd8 32.Rxa7 Rdd2 33.Rf1 Rdc2 34.Ra4 Rxc3 35.Ra1 Rcc2
36.Rf4 Ra2 37.Rxa2 Rxa2 38.Ra4 Kg7 39.h4 h5 40.g3 f6 41.Ra7+ Kh6 42.Ra6 Kg7
43.Ra7+ Kh6 44.f4 Rb2 45.a4 Rb3 46.Kg2 Rb2+ 47.Kh3 Ra2 48.a5 Rb2 49.Rc7 Ra2
50.Rc5 Kg7 51.Rb5 Kh6 52.Rd5 Kg7 53.Rd7+ Kh6 54.Ra7 Rb2 55.Ra6 Kg7 56.Ra7+ Kh6
57.Rf7 Ra2 58.Rxf6 Rxa5 59.Re6 Kg7 60.Kg2 Kf7 61.Rd6 Kg7 62.Kf3 Ra3+ 63.Kf2 Rb3
64.Rd5 Kf6 65.Rg5 Ra3 66.f5 gxf5 67.Rxh5 Ra2+ 68.Kf3 Ra3+ 69.Kg2 Ra2+ 70.Kh3 Ra3
71.Rh8 Kg7 72.Rh5 f4  1/2-1/2

[Event "IX EICC"]
[Site "Plovdiv BUL"]
[Date "2008.04.30"]
[Round "9"]
[White "Willemze,T"]
[Black "Klokas,K"]
[Result "1/2-1/2"]
[WhiteElo "2399"]
[BlackElo "2160"]

1.e4 c5 2.Nf3 Nc6 3.Bb5 g6 4.c3 Nf6 5.e5 Nd5 6.O-O Bg7 7.d4 cxd4 8.cxd4 d6
9.Re1 Bg4 10.h3 Bxf3 11.Qxf3 e6 12.Nc3 O-O 13.Nxd5 Nxd4 14.Qg4 Qa5 15.Ne7+ Kh8
16.Bg5 Nxb5 17.a4 Nc7 18.exd6 Ne8 19.Rad1 Nxd6 20.b4 Qa6 21.b5 Qa5 22.Bd2 Qc7
23.Bf4 Rfd8 24.Qh4 Rd7 25.Rd2 Qc3 26.Red1 Bf6 27.Qg3 Qxg3 28.Bxg3 Bxe7 29.Bxd6 Bxd6
30.Rxd6 Re7 31.a5 Kg7 32.Rc1 Kf6 33.f4 h6 34.Kf2 g5 35.Kf3 gxf4 36.Kxf4 Rg8
37.g4 Rg5 38.Rb1 Rc7 39.a6 b6 40.Rc6 Rxc6 41.bxc6 Rc5 42.Rxb6 Rc4+ 43.Ke3 Ke5
44.Kd3 Rc5 45.Rb7 Rxc6 46.Rxa7 f5 47.gxf5 exf5 48.Re7+ Kf4 49.a7 Ra6 50.Rf7 Kg3
51.Rxf5 Rxa7 52.Rh5 Ra3+ 53.Ke2 Ra2+ 54.Ke3 Ra3+  1/2-1/2

[Event "IX EICC"]
[Site "Plovdiv BUL"]
[Date "2008.04.30"]
[Round "9"]
[White "Kulaots,K"]
[Black "Pileckis,E"]
[Result "0-1"]
[WhiteElo "2530"]
[BlackElo "2403"]

1.e4 c5 2.Nf3 Nc6 3.Bb5 g6 4.Bxc6 dxc6 5.d3 Bg7 6.h3 Nf6 7.Nc3 O-O 8.Bf4 b5
9.O-O b4 10.Na4 c4 11.Be5 Qa5 12.b3 Rd8 13.Qe2 cxd3 14.cxd3 Ba6 15.Rfd1 Bh6
16.Qc2 Nd7 17.Bb2 c5 18.Nh2 Rac8 19.Ng4 Bg7 20.Bxg7 Kxg7 21.Rac1 Bb5 22.Nb2 Nf8
23.Nc4 Qa6 24.Qb2+ f6 25.e5 h5 26.exf6+ exf6 27.Nh2 Ne6 28.Nf3 Nf4 29.d4 cxd4
30.Nxd4 Bxc4 31.bxc4 Qb7 32.f3 Qe7 33.Kh1 Qe3 34.Qd2 Qxd2 35.Rxd2 Kf7 36.Rcc2 Ne6
37.Nb3 Rxd2 38.Nxd2 Nd4 39.Rb2 a5 40.Kg1 Ke6 41.Kf2 Kd6 42.Ke3 Nf5+ 43.Kd3 Kc6
44.g4 Rd8+ 45.Ke2 Ng3+ 46.Ke3 Rd7 47.Kf2 h4 48.Nb3 a4 49.Nc1 Kc5 50.Rc2 Rd8
51.Ke3 Re8+ 52.Kf2 Nh1+ 53.Kg2 Re3 54.Kxh1 Rxf3 55.Kg2 Rg3+ 56.Kf2 Rxh3 57.Ne2 Rh1
58.Rd2 g5 59.Rd8 Kxc4 60.Ra8 Kd3 61.Rd8+ Kc2 62.Ra8 a3 63.Rb8 Rb1 64.Ke3 Rb2
65.Nd4+ Kb1 66.Kd3 Kxa2 67.Kc4 h3 68.Re8 b3  0-1

[Event "26th Liechtenstein Open"]
[Site "Triesen LIE"]
[Date "2008.04.30"]
[Round "6"]
[White "Guller,A"]
[Black "Hillbrand,J"]
[Result "1-0"]
[WhiteElo "2110"]
[BlackElo "1931"]

1.e4 c5 2.Nf3 Nc6 3.Bb5 g6 4.O-O Bg7 5.Re1 Nf6 6.c3 O-O 7.d3 Qc7 8.Nbd2 d6
9.Nf1 e5 10.Bg5 a6 11.Ba4 b5 12.Bc2 Be6 13.h3 d5 14.Qe2 Nd7 15.a4 f6 16.exd5 Bxd5
17.Bd2 b4 18.Ne3 Bf7 19.Ng4 Kh8 20.Bh6 Be6 21.Bxg7+ Kxg7 22.Rad1 Qa5 23.d4 Bxg4
24.hxg4 cxd4 25.cxd4 Rad8 26.dxe5 Ndxe5 27.Nxe5 Nxe5 28.Rxd8 Rxd8 29.g5 Rd5
30.gxf6+ Kxf6 31.Bb3 Rd6 32.Qe4 Nc6 33.Qf4+  1-0

[Event "Victory Day A"]
[Site "Moscow RUS"]
[Date "2008.05.01"]
[Round "8"]
[White "Chernobay,A"]
[Black "Manakova,M"]
[Result "1-0"]
[WhiteElo "2416"]
[BlackElo "2332"]

1.e4 c5 2.Nf3 Nc6 3.Bb5 d6 4.O-O e5 5.c3 a6 6.Bxc6+ bxc6 7.d4 cxd4 8.cxd4 exd4
9.Qxd4 c5 10.Qd3 Be7 11.Nc3 Nf6 12.Bf4 Ra7 13.Rad1 Rd7 14.Qe2 Bb7 15.e5 Bxf3
16.Qxf3 dxe5 17.Bxe5 O-O 18.Ne4 Nxe4 19.Qg4 Bf6 20.Rxd7 Qc8 21.f3 Nf2 22.Rxf2 Bxe5
23.Rc2 h5 24.Qa4 Qe8 25.Re2 Bd4+ 26.Kf1 Qb8 27.g3 h4 28.Kg2 Qb6 29.Rde7 Qh6
30.Qd7 g6 31.f4 hxg3 32.hxg3 Qh5 33.Re8 Kg7 34.R2e7 Bf6 35.Re1 Rxe8 36.Rxe8 Bxb2
37.Re7 g5 38.g4 Qg6 39.f5 Qf6 40.Re6 Qd4 41.Qxd4+ Bxd4 42.Rxa6  1-0

[Event "IX EICC"]
[Site "Plovdiv BUL"]
[Date "2008.05.01"]
[Round "10"]
[White "Predojevic,B"]
[Black "Vuckovic,Bo"]
[Result "1-0"]
[WhiteElo "2651"]
[BlackElo "2556"]

1.e4 c5 2.Nf3 Nc6 3.Bb5 d6 4.O-O Bd7 5.Re1 Nf6 6.c3 a6 7.Ba4 c4 8.Bc2 e5
9.Na3 b5 10.b3 Na5 11.d4 cxd3 12.Bxd3 Be7 13.c4 bxc4 14.Nxc4 Nxc4 15.Bxc4 O-O
16.Bg5 Ne8 17.Bxe7 Qxe7 18.Qd3 Bg4 19.h3 Bxf3 20.Qxf3 Nc7 21.Qd3 Rfb8 22.Red1 Rb6
23.Qe3 Rab8 24.Rac1 h6 25.Qc3 Nb5 26.Bxb5 axb5 27.Qb4 Qa7 28.Rxd6 Qxa2 29.Rd2 Qa7
30.Qc5 Qb7 31.Rd5 f6 32.b4 Kh7 33.Kh2 Re8 34.Qc3 Kh8 35.Qd3 Rc6 36.Rxb5 Rb6
37.Rxb6 Qxb6 38.Qd2 Rd8 39.Qb2 Qd4 40.Qxd4 exd4 41.f3 d3 42.Kg3 Kh7 43.h4 h5
44.b5 Kg6 45.Kf4 Rb8 46.Rc5 d2 47.Rd5 Rxb5 48.Rxd2 Ra5 49.g3 Ra1 50.Rd6 Re1
51.Rb6 Re2 52.Ra6 Re1 53.Ra5 Rb1 54.Rc5 Ra1 55.Rd5 Rb1 56.Rd3 Ra1 57.Ke3 Rg1
58.Kf2 Ra1 59.f4 Ra4 60.Kf3 Rb4 61.Ra3 Rb5 62.g4 hxg4+ 63.Kxg4 Rc5 64.Ra6 Kf7
65.h5 Rb5 66.Ra7+ Kg8 67.Rd7 Kh7 68.Rd5 Rb1 69.Kf5 Rf1 70.Ra5 Kh6 71.Ra8 Kh7
72.Ra3 Kh6 73.Re3 Kh7 74.Rg3 Kh6 75.Rh3 Rf2 76.Rh4 Rf1 77.Ke6 Re1 78.e5 fxe5
79.fxe5 Kg5 80.Rh2 Kf4 81.Rf2+ Kg5 82.Rf5+ Kg4 83.Rf7 Kxh5 84.Rxg7  1-0

[Event "IX EICC"]
[Site "Plovdiv BUL"]
[Date "2008.05.01"]
[Round "10"]
[White "Mastrovasilis,D"]
[Black "Papadopoulos,I"]
[Result "0-1"]
[WhiteElo "2580"]
[BlackElo "2471"]

1.e4 c5 2.Nf3 Nc6 3.Bb5 d6 4.O-O Bd7 5.Re1 a6 6.Bf1 Bg4 7.h3 Bh5 8.d3 e6
9.Nbd2 Be7 10.c3 Nf6 11.g4 Bg6 12.Nh4 Nd7 13.Ng2 e5 14.Nf3 h5 15.g5 h4 16.Nfxh4 Bh5
17.Be2 g6 18.Bxh5 Rxh5 19.Nf5 Rxh3 20.Qg4 Rh7 21.Nxe7 Qxe7 22.Ne3 O-O-O 23.Nd5 Qe6
24.Qxe6 fxe6 25.Ne3 Rh4 26.Nf1 b5 27.Be3 d5 28.Rac1 c4 29.Red1 d4 30.cxd4 exd4
31.dxc4 dxe3 32.cxb5 e2 33.bxc6 exf1=Q+ 34.Kxf1 Ne5 35.Rxd8+ Kxd8 36.c7+ Kc8
37.Rc5 Rxe4 38.Kg2 Nd3 39.Ra5 Kxc7 40.Rxa6 Nc5 41.Kf3 Re5 42.Ra7+ Kd6 43.b4 Nd3
44.Ra6+ Kd7 45.a3 Rf5+ 46.Ke3 Nxf2 47.Ra7+ Kd6 48.Ra6+ Kd5 49.Ra5+ Kc4 50.Ra6 Nd1+
51.Kd2 Rd5+ 52.Ke1 Nb2 53.Rxe6 Nd3+ 54.Kf1 Rf5+ 55.Kg1 Rxg5+ 56.Kh2 Ne5 57.Rd6 Rf5
58.Kg2 g5 59.Rd2 g4 60.Rf2 Rxf2+ 61.Kxf2 Kd3 62.Kg3 Ke4 63.b5 Kf5 64.b6 Nc6
65.b7 Nb8 66.Kg2 Kf4 67.Kf2 g3+ 68.Kg2 Kg4 69.Kg1 Kf3 70.Kf1 g2+ 71.Kg1 Na6
72.a4 Nb8 73.a5 Na6  0-1

[Event "ch-NED U21"]
[Site "Venlo NED"]
[Date "2008.05.01"]
[Round "7"]
[White "Kuling,L"]
[Black "Kuipers,S"]
[Result "1-0"]
[WhiteElo "2192"]
[BlackElo "2319"]

1.e4 c5 2.Nf3 Nc6 3.Bb5 g6 4.O-O Bg7 5.Nc3 Nd4 6.Ba4 a6 7.Nxd4 cxd4 8.Ne2 e6
9.c3 b5 10.Bc2 dxc3 11.bxc3 Ne7 12.Ba3 O-O 13.f4 d6 14.Ng3 Qa5 15.Bb4 Qb6+
16.Kh1 a5 17.Ba3 f5 18.Rb1 Qc7 19.Re1 Rb8 20.Bd3 fxe4 21.Nxe4 b4 22.cxb4 d5
23.Nc3 Rxf4 24.Nb5 Rxb5 25.Bxb5 Rh4 26.h3 Nf5 27.Rc1 Qb8 28.bxa5 Bd4 29.Re3 Bxe3
30.dxe3 Qxb5 31.Rxc8+ Kg7 32.Qc1 Rc4 33.Rxc4 dxc4 34.Qb2+ Qxb2 35.Bxb2+  1-0

[Event "Open"]
[Site "Halkidiki GRE"]
[Date "2008.05.02"]
[Round "5"]
[White "Zakarian,D"]
[Black "Vragoteris,A"]
[Result "1-0"]
[WhiteElo "2330"]
[BlackElo "2317"]

1.e4 c5 2.Nf3 Nc6 3.Bb5 d6 4.O-O Bd7 5.Re1 a6 6.Bxc6 Bxc6 7.d4 cxd4 8.Nxd4 Nf6
9.Nxc6 bxc6 10.c4 e5 11.Qa4 Qc7 12.Nc3 Nd7 13.Be3 Be7 14.b4 O-O 15.Rec1 Rfb8
16.a3 Nf8 17.Qd1 Ne6 18.Qd2 h6 19.Rab1 Bg5 20.a4 Bxe3 21.fxe3 a5 22.b5 Nc5
23.Rd1 Rd8 24.bxc6 Qxc6 25.Qd5 Qxd5 26.exd5 Kf8 27.Rb6 Ke7 28.Rdb1 f5 29.Rc6 Rd7
30.Rb5 Raa7 31.Kf1 e4 32.Rbxc5 dxc5 33.Nb5 Ra8 34.d6+ Kf6 35.Rxc5 Ra6 36.Ke2 Raxd6
37.Nxd6 Rxd6 38.Rxa5 Rc6 39.c5 Ke5 40.g3 Kd5 41.Kd2 Kc4 42.Rb5 g6 43.Rb2 g5
44.a5 h5 45.h4 gxh4 46.gxh4 Kd5 47.Rc2 Ke5 48.Ra2 Ra6 49.c6 Rxc6 50.a6 Rc8  1-0

[Event "III Tch-ESP Selecciones Autonomicas"]
[Site "Melilla ESP"]
[Date "2008.05.02"]
[Round "5"]
[White "Illescas Cordoba,M"]
[Black "Moreno Ruiz,J"]
[Result "1-0"]
[WhiteElo "2605"]
[BlackElo "2477"]

1.e4 c5 2.Nf3 Nc6 3.Bb5 g6 4.O-O Bg7 5.Re1 Nf6 6.e5 Nd5 7.Nc3 Nc7 8.Bxc6 dxc6
9.Ne4 Ne6 10.d3 O-O 11.Be3 b6 12.Qd2 a5 13.Bh6 f6 14.Bxg7 Kxg7 15.exf6+ exf6
16.Ng3 Ra7 17.Re4 Nd4 18.Nxd4 cxd4 19.Ne2 c5 20.Re1 Rff7 21.Nf4 Rae7 22.Qe2 Rxe4
23.Qxe4 Qd6 24.g3 Bd7 25.Ne6+ Bxe6 26.Qxe6 Qc7 27.a4 Rd7 28.Qe8 Rf7 29.Re6 Qb7
30.Qc6 Qxc6 31.Rxc6 Rb7 32.b3 Kf7 33.Kg2 g5 34.g4 Kg6 35.f3 Rb8 36.Kg3 Re8
37.Kf2 Rb8 38.Rd6 Kf7 39.f4 gxf4 40.Kf3 Re8 41.Rxb6 Re3+ 42.Kxf4 Re2 43.Rb5 Rxc2
44.Rxa5 Ke6 45.Ra6+ Kd5 46.Rxf6 Rf2+ 47.Kg5 Rxh2 48.a5 Ra2 49.a6 Ra3 50.Rb6 Ke5
51.Kh6 Kf4 52.g5 Kg4 53.Rc6 Rxb3 54.Rxc5 Rxd3 55.Ra5 Rh3+ 56.Kg7 d3 57.Ra4+ Kh5
58.a7 d2 59.a8=Q d1=Q 60.Qe8+  1-0

[Event "IX EICC"]
[Site "Plovdiv BUL"]
[Date "2008.05.02"]
[Round "11"]
[White "Tukhaev,A"]
[Black "Bykhovsky,An ISR"]
[Result "1-0"]
[WhiteElo "2512"]
[BlackElo "2394"]

1.e4 c5 2.Nf3 Nc6 3.Bb5 d6 4.O-O Bd7 5.c3 Nf6 6.Re1 a6 7.Ba4 b5 8.Bc2 e5
9.d4 cxd4 10.cxd4 Be7 11.h3 O-O 12.Nc3 Rc8 13.a4 b4 14.Ne2 Re8 15.b3 exd4
16.Nexd4 d5 17.e5 Nxd4 18.Nxd4 Ne4 19.Bxe4 dxe4 20.Rxe4 Bc6 21.Re1 Bb7 22.Nf5 Qd5
23.Qg4 g6 24.Nxe7+ Rxe7 25.Bh6 Rce8 26.Rad1 Qxb3 27.Qg5 f5 28.Rd6 Qxa4 29.e6 b3
30.Qf6  1-0